|
|
|
|
| LEADER |
00730nab a2200181 i 4500 |
| 001 |
acta40456 |
| 005 |
20260224081030.0 |
| 008 |
170704s1991 hu o 000 hun d |
| 022 |
|
|
|a 0237-7934
|
| 040 |
|
|
|a SZTE Egyetemi Kiadványok Repozitórium
|b hun
|
| 041 |
|
|
|a hun
|
| 100 |
1 |
|
|a Kövér Lajos
|
| 245 |
1 |
0 |
|a Érvek, érzelmek, indulatok
|h [elektronikus dokumentum] :
|b a francia forradalom a modern francia történettudományban /
|c Kövér Lajos
|
| 260 |
|
|
|c 1991
|
| 300 |
|
|
|a 187-197
|
| 490 |
0 |
|
|a Aetas
|v 6 No. 1
|
| 695 |
|
|
|a Forradalom - francia - 1789-1794, Franciaország története - 1778-1794, Történettudomány - francia - 20. sz.
|
| 856 |
4 |
0 |
|u http://acta.bibl.u-szeged.hu/40456/1/aetas_1991_001_187-197.pdf
|z Dokumentum-elérés
|